[Event "Maastricht Limburg op-B 9th"]
[Site "Maastricht"]
[Date "2015.05.22"]
[Round "1"]
[White "Coenen, Bert"]
[Black "Stuch, Hans Ferdinand"]
[Result "1-0"]
[WhiteElo "1846"]
[BlackElo "1767"]
[PlyCount "107"]
[EventDate "2015.05.22"]
[EventType "swiss"]
[EventRounds "7"]
[EventCountry "NED"]
[SourceTitle "EXT 2016"]
[Source "ChessBase"]
[SourceDate "2015.10.08"]
[SourceVersion "1"]
[SourceVersionDate "2015.10.08"]
[SourceQuality "1"]

1. e4 e5 2. Nf3 Nf6 3. d3 Nc6 4. c3 Be7 5. Be2 0-0 6. 0-0 d5 7. Nbd2 h6 8. h3 Be6 9. Re1 Qd7 10. Qc2 Rad8 11. Bf1 Rfe8 12. Nb3 Bf8 13. Be3 d4 14. Bd2 Nh5 15. a3 Be7 16. cxd4 exd4 17. Nc5 Qc8 18. Nxe6 Qxe6 19. Be2 Nf6 20. Rac1 Nd7 21. Qc4 Qxc4 22. Rxc4 Bd6 23. Rcc1 g5 24. g3 Nde5 25. Nxe5 Bxe5 26. f4 gxf4 27. gxf4 Bg7 28. Bf3 Re6 29. Kh2 f6 30. Rg1 Kh7 31. h4 Rde8 32. Bg4 Rd6 33. h5 Re7 34. Bf5+ Kh8 35. Rg6 a5 36. Bc8 b6 37. Ba6 Nd8 38. Bc4 Ne6 39. Bxe6 Rdxe6 40. f5 Re5 41. Bxh6 Bxh6 42. Rxh6+ Kg7 43. Rg6+ Kh7 44. Rxf6 Rb5 45. Rc2 c5 46. Kg3 Rb3 47. Kf4 Rxd3 48. Re2 Rb3 49. Rd6 d3 50. Rd2 c4 51. f6 Rc7 52. e5 b5 53. e6 Rc8 54. e7 1-0

[Event "Maastricht Limburg op-B 8th"]
[Site "Maastricht"]
[Date "2014.06.08"]
[Round "5"]
[White "Boom, Harrie"]
[Black "Coenen, Bert"]
[Result "1/2-1/2"]
[WhiteElo "1765"]
[BlackElo "1852"]
[PlyCount "109"]
[EventDate "2014.06.06"]
[EventType "swiss"]
[EventRounds "7"]
[EventCountry "NED"]
[SourceTitle "EXT 2015"]
[Source "ChessBase"]
[SourceDate "2014.11.20"]
[SourceVersion "1"]
[SourceVersionDate "2014.11.20"]
[SourceQuality "1"]

1. e4 d6 2. d4 Nf6 3. Nc3 e5 4. Nf3 Nbd7 5. Be2 Be7 6. 0-0 0-0 7. h3 c6 8. Be3 Re8 9. dxe5 dxe5 10. Bd3 Qc7 11. Qe2 Nc5 12. Nd2 Nxd3 13. Qxd3 Be6 14. Qe2 Rad8 15. Rfd1 b5 16. a3 Rd7 17. f3 Nh5 18. Qf2 Nf4 19. Kh2 Qd8 20. Nf1 Bh4 21. Rxd7 Bxd7 22. Qd2 Ne6 23. Rd1 Re7 24. Bxa7 Qc7 25. Bf2 Bf6 26. Ng3 Nd4 27. Kg1 Bxh3 28. Nf5 Bxf5 29. exf5 Rd7 30. Bxd4 exd4 31. Ne4 Be5 32. f6 Bf4 33. Qe2 Be3+ 34. Kh1 Rd5 35. g3 Rh5+ 36. Kg2 Qd7 37. g4 Rh6 38. fxg7 Kxg7 39. Rh1 Rxh1 40. Kxh1 Qe6 41. Qh2 Qh6 42. Qxh6+ Kxh6 43. b3 Kg6 44. Kg2 f5 45. gxf5+ Kxf5 46. a4 bxa4 47. bxa4 Ke6 48. a5 Kd7 49. Nf6+ Kc8 50. Nxh7 Kb7 51. Nf6 Ka6 52. Kf1 Kxa5 53. Ke2 Kb5 54. c3 Kc4 55. cxd4 1/2-1/2